Электрофизические характеристики канальной стадии разряда применительно к проблеме коммутации: тезисы докладов и сообщений. Заседание 23-26 июня; Секция 4 : Теоретические проблемы электрофизики высоких напряжений

Detalhes bibliográficos
Corporate Authors: Академия наук СССР (АН СССР) Отделение физико-технических проблем энергетики Научный совет по теоретическим и электрофизическим проблемам электроэнергетики (570), Электрофизические характеристики канальной стадии разряда применительно к проблеме коммутации
Idioma:russo
Publicado em: Караганда, Изд-во Карагандинского политехнического института, 1976
Assuntos:
Formato: MixedMaterials Livro
KOHA link:https://koha.lib.tpu.ru/cgi-bin/koha/opac-detail.pl?biblionumber=350597

MARC

LEADER 00000nam0a2200000 4500
001 350597
005 20231102010322.0
035 |a (RuTPU)RU\TPU\retro\4772 
090 |a 350597 
100 |a 20190211d1976 k y0rusy50 ca 
101 0 |a rus 
102 |a RU 
105 |a a z 101zy 
200 1 |a Электрофизические характеристики канальной стадии разряда применительно к проблеме коммутации  |e тезисы докладов и сообщений. Заседание 23-26 июня  |h Секция 4 : Теоретические проблемы электрофизики высоких напряжений  |f Академия наук СССР (АН СССР), Отделение физико-технических проблем энергетики, Научный совет по теоретическим и электрофизическим проблемам электроэнергетики 
210 |a Караганда  |c Изд-во Карагандинского политехнического института  |d 1976 
215 |a 117 с.  |c ил. 
317 |5 63413507: КР-5974  |a Поступила в НТБ в 1987 г. в дар от вдовы ученого Е. К. Завадовской 
320 |a Библиогр. в конце ст. 
606 1 |a Электрофизика  |2 stltpush  |3 (RuTPU)RU\TPU\subj\20983  |9 46040 
606 1 |a Коммутационные аппараты  |2 stltpush  |3 (RuTPU)RU\TPU\subj\11054  |9 38040 
610 1 |a электрофизические характеристики 
610 1 |a коммутации 
610 1 |a твердые диэлектрики 
610 1 |a электрические разряды 
610 1 |a ионизация 
610 1 |a электрические пробои 
610 1 |a коммутирующие устройства 
610 1 |a импульсные разряды 
610 1 |a импульсные токи 
610 1 |a жидкие диэлектрики 
610 1 |a твердые тела 
610 1 |a электроды 
610 1 |a электрическая прочность 
610 1 |a газовые разрядники 
610 1 |a накопители 
610 1 |a тезисы докладов 
610 1 |a библиотека А. А. Воробьева 
610 1 |a дары библиотеке 
675 |a 537(063)  |v 4 
675 |a 621.316.54(063)  |v 4 
712 0 2 |a Академия наук СССР (АН СССР)  |b Отделение физико-технических проблем энергетики  |b Научный совет по теоретическим и электрофизическим проблемам электроэнергетики  |c (Ленинград/Москва)  |c (1925-1991)  |2 stltpush  |3 (RuTPU)RU\TPU\col\722 
712 1 2 |a Электрофизические характеристики канальной стадии разряда применительно к проблеме коммутации  |c заседание  |e Караганда  |4 570 
801 1 |a RU  |b 63413507  |c 20190211 
801 2 |a RU  |b 63413507  |c 20190311  |g RCR 
942 |c BK